| 000 | 00687aas a2200241 4500 | ||
|---|---|---|---|
| 999 |
_c1369 _d1369 |
||
| 003 | BR-BrBNA | ||
| 005 | 20230317233146.0 | ||
| 007 | ta | ||
| 008 | 230119b bl ||||| |||| 00| 0 por d | ||
| 022 | _a0041-8900 | ||
| 035 | _a000485-5 | ||
| 040 |
_aBR-BrBNA _bPor _cBR-BrBNA |
||
| 042 | _a014018-X | ||
| 044 | _abl | ||
| 245 | _aBoletim da Universidade Federal do Paraná. Botânica (Brazil) | ||
| 260 |
_aCuritiba-PR _bUniversidade Federal do Paraná _c1967. Data final de publicação em 1972 _eBPR |
||
| 270 | _aCaixa Postal 888 - 80000-000 | ||
| 310 | _airregular | ||
| 505 | _a1967-69 (18-23); 1971-72 (24-28); | ||
| 650 | 1 | 2 | _gBOTANICA |
| 909 |
_a56 _bSergio Santos _c56 _dSergio Santos |
||
| 942 |
_cCR _2AGRIS |
||